000 02741nab a2200325 i 4500
003 BR-BrBNA
005 20241104112354.0
008 241104b2019 bl.|r|pooa||| 00| 0 eng |
040 _aBR-BrBNA
_beng
072 _aL10
_b5214
100 _aFerreira, J.B.
100 _aGuilhermino, M.M.
100 _a Leite, J.H.G.M.
100 _aSousa, J.E.R.
100 _aAraújo, B.V.S.
100 _aasconcelos, A.M. V
100 _a Lara, M.A.C.
100 _aFaçanha, D.A.E.
245 _aPolymorphisms of leptin, β-lactoglobulin and pituitary transcription factor have no effect on milk characteristics in crossbred cows
500 _a Publicação online; 14 ref.; 3 tables; Summary (Pt)
520 _a RESUMO - O objetivo deste trabalho foi identificar polimorfismos genéticos de leptina, β-lactoglobulina e fator de transcrição pituitária (PIT1) e avaliar seus efeitos na composição química e na contagem de células somáticas de leite de vacas leiteiras mestiças que vivem em um clima quente. Um total de 291 vacas leiteiras mestiças foram investigadas. Foram coletadas amostras de sangue para extração de DNA e amostras de leite. As amostras foram classificadas em três grupos genéticos: (42), (83) e (166) Holandês x Guzerá. As frequências de alelos e genótipos foram determinadas e o equilíbrio HardyWeinberg foi avaliado. Foram realizadas análises da composição do leite (gordura, proteína, lactose e extracto seco desengordurado), contagem de células somáticas e rendimento leiteiro. Os grupos genéticos e os polimorfismos genéticos para cada gene foram utilizados como efeitos fixos na análise. O único polimorfismo encontrado em equilíbrio de Hardy-Weinberg foi para o genótipo da βlactoglobulina. No presente estudo, era esperado que a maioria das variáveis de composição variasse entre os genótipos. Já se sabe que os cruzamentos dão origem a animais com características fenotípicas e genotípicas. No entanto, os polimorfismos não influenciaram a composição e a qualidade do leite nas vacas e Holstein x Guzerá mantidas em um clima quente. Palavras-chave: vacas leiteiras, produção animal, recursos genéticos, Guzerá, Holandês
650 _aGADO MESTIÇO
650 _aVACA LEITEIRA
650 _aPRODUÇÃO ANIMAL
650 _aRECURSO GENÉTICO
773 0 _01643
_9345608
_dBelo Horizonte-MG Universidade Federal de Minas Gerais - Escola de Veterinaria 1983
_o2024-6240
_tArquivo Brasileiro de Medicina Veterinária e Zootecnia (Brazil)
_x0102-0935
_gv. 71(2) . 715-719; (2019)
_wBR2024003128
856 _uhttps://www.scielo.br/j/abmvz/a/cZTqBW8LgG7pkY5WNyXs9GN/?format=pdf&lang=en
942 _cANA
999 _c328397
_d328397